000 01392nam a22003617a 4500
003 CHAP
005 20220329143826.0
008 111014s2010 mx a r 00010 spa d
010 _a102384
011 _a103356
020 _a9786074950441
035 _a114045
040 _cCHAP
082 0 4 _a972.027252
_bG58
100 1 _aGonzález Reyes, Gerardo.
_949331
245 1 0 _aCódice de Temascaltepec :
_bgobierno indio y conflictos territoriales en el siglo XVI
_c/por Gerardo González Reyes
260 _aToluca, Méx. :
_bGobierno del Estado de México,
_c2010
300 _a285 p. :
_bilus.
490 0 _aBiblioteca Mexiquense del Bicentenario.
_pColección Mayor.
_pEstado de México: patrimonio de un pueblo
590 _aBATCH-UPD
_b10
_c20130110
_lUCH01
_h0845
590 _aBATCH-UPD
_b10
_c20130410
_lUCH01
_h0519
590 _aBATCH-UPD
_b10
_c20130914
_lUCH01
_h1044
590 _aCONVERSION
_b10
_c20130109
_lUCH01
_h1356
650 1 4 _aCódices.
_927680
650 1 4 _aEscritura pictográfica.
_937584
650 1 4 _aIndios de México
_xCultura.
_957627
650 1 4 _aManuscritos.
_970726
650 1 4 _aMéxico (Edo.)
_xHistoria.
_976831
830 0 _aBiblioteca Mexiquense del Bicentenario.
_pColección Mayor.
_pEstado de México: patrimonio de un pueblo
_912425
901 _aBK
942 _cLIBRO
949 _a972.027252 G58
_bBC
_cLIBRO
_d33724002308314
_eLIBRO
_h115983
_i114045
_sb
999 _c102384
_d102384